Objectives of the Islamic Enconomic Order (Record no. 6378)

MARC details
000 -LEADER
fixed length control field 00630nam a2200241 a 4500
020 ## - INTERNATIONAL STANDARD BOOK NUMBER
ISBN 0860378
082 00 - DEWEY DECIMAL CLASSIFICATION NUMBER
Classification number 330.10297
Author Cutter CHA1
100 ## - MAIN ENTRY--AUTHOR NAME
Author name Chapra, Mohammad Umar
245 ## - TITLE STATEMENT
Title Objectives of the Islamic Enconomic Order
260 ## - PUBLICATION, DISTRIBUTION, ETC. (IMPRINT)
Place of publication U K
Name of publisher Islamic Foundation
Year of publication 1997
300 ## - PHYSICAL DESCRIPTION
Number of Pages 72p
500 ## - GENERAL NOTE
General note includes index and biblioraphy
505 2# - FORMATTED CONTENTS NOTE
Formatted contents note Index
650 ## - SUBJECT ADDED ENTRY--TOPICAL TERM
Topical Term Economics-Religious Aspect-Islam
942 ## - ADDED ENTRY ELEMENTS (KOHA)
Koha item type Books
700 1# -
-- Chapra, Mohammad Umar
Holdings
Collection code Home library Current library Date acquired Cost, normal purchase price Full call number Accession Number Koha item type
  Henry Martyn Institute Library Henry Martyn Institute Library 04/25/2007 100.00 330.10297 CHA1 010233 Books
                   Copyright © 2026 | Henry Martyn Institute | Hyderabad | TS-500052 | INDIA | Implemented by hmi.edu.in
Hit-Count:

Powered by Koha